000 01173cam a2200325 a 4500
999 _c41826
_d41826
001 13496392
003 OSt
005 20221115110601.0
008 040220s2003 cc a 001 0 eng
010 _a 2004268185
020 _a9788173666544
020 _a0596005059 (pbk.)
040 _aDLC
_cDLC
_dDLC
050 0 0 _aQA76.625
_b.T47 2003
082 0 4 _a005.276
_221
_bTHA/N
100 1 _aThai, Thuan L.
_99312
245 1 0 _a.NET framework essentials /
_cThuan Thai and Hoang Q. Lam.
250 _a3rd ed.
260 _aBeijing ;
_aSebastopol, CA :
_bO'Reilly,
_cc2003.
300 _axiv, 363 p. :
_bill. ;
_c23 cm.
500 _aIncludes index.
630 0 0 _aMicrosoft .NET Framework.
650 0 _aInternet programming.
650 0 _aComputer software
_xDevelopment.
700 1 _aLam, Hoang Q.
856 4 2 _3Publisher description
_uhttp://www.loc.gov/catdir/enhancements/fy0715/2004268185-d.html
906 _a7
_bcbc
_corigcop
_d2
_encip
_f20
_gy-gencatlg
942 _2ddc
_cBK
_h005.276
_iTHA/N
_k005.276
_mTHA/N